LEADER 00541nab a2200145 i 4500 001 000000260066 003 CaOOAMICUS 005 20180831164545.0 008 180831n xx uu u0 0und r 013 $a753 040 $aSeMil$bita 245 10$a[vedi periodico]. 500 $aOttobre/Dicembre 2004. 773 0 $tToponimo Camporeso ; Una santa "solitaria pellegrina" ; Lecco cittą d'acqua ; Neve in Valsassina nel 1879 ; Padre David Maria Turoldo.$dOggiono (LC) : Cattaneo, 2004.$w()135003 996 $6245$a[vedi periodico]$9(OLS)http://semarc/title/309439 LEADER 01003nam a2200241 i 4500 001 000000111091 003 CaOOAMICUS 005 20030107000000.0 008 030107s1987 it u000 u eng u 013 $a83772 040 $aSeMil$bita 100 1 $aTang, Dominic .$0(OLS)http://semarc/name/46559 245 10$aHow inscrutable his ways :$bmemoirs 1951-1981 /$cby Dominic Tang. 260 $aHong Kong :$bAidan Publicities & Printing,$c1987. 300 $a179 p. :$b[1] c. geogr., [1] c. di tav. ;$c19 cm. 500 $aFondo Card. C.M. Martini. 650 4$aTang, Domenico .$0(OLS)http://semarc/subject/19830 850 $aSeMil 852 $aSeMil$W1$xVenegono$y1$m3J I 8$j66926$B66926$CSeMilBibl$Z2$F91604 $81 941 1 $a4 961 $aOmaggio: Martini Card. Carlo Maria 996 $6245$aHow inscrutable his ways :$bmemoirs 1951-1981$9(OLS)http://semarc/title/161604 996 $6260$aHong Kong :$bAidan Publicities & Printing$9(OLS)http://semarc/publisher/45133